Loading...
| Fine Arts - Classical Music | 0 | 5 | 0 | 0 | 50 | 43 | 98.00 | 2 | 2 | 0.00 | 0.00 |
| History - World | 0 | 4 | 0 | 1 | 40 | 62 | 93.25 | 1 | 2 | 0.00 | 0.00 |
| Social Science | 0 | 3 | 0 | 2 | 30 | 82 | 113.67 | 0 | 1 | 0.00 | 0.00 |
| History - American | 0 | 3 | 0 | 0 | 30 | 89 | 100.00 | 0 | 1 | 0.00 | 0.00 |
| History - European | 0 | 3 | 0 | 0 | 30 | 81 | 97.33 | 0 | 3 | 0.00 | 0.00 |
| Geography/Current Events | 0 | 3 | 1 | 1 | 25 | 74 | 100.33 | 2 | 3 | 0.00 | 0.00 |
| Philosophy | 0 | 2 | 0 | 1 | 20 | 112 | 116.50 | 0 | 0 | 0.00 | 0.00 |
| Literature - American | 0 | 2 | 0 | 1 | 20 | 112 | 128.50 | 0 | 0 | 0.00 | 0.00 |
| Literature - European | 0 | 2 | 0 | 0 | 20 | 109 | 116.00 | 0 | 0 | 0.00 | 0.00 |
| Fine Arts - Other | 0 | 2 | 0 | 1 | 20 | 122 | 128.50 | 0 | 1 | 0.00 | 0.00 |
| Literature - World/Other | 0 | 1 | 0 | 0 | 10 | 143 | 143.00 | 0 | 0 | 0.00 | 0.00 |
| History - Other | 0 | 1 | 0 | 0 | 10 | 67 | 67.00 | 0 | 1 | 0.00 | 0.00 |
| Fine Arts - Visual | 0 | 0 | 0 | 0 | 0 | 0.00 | 0 | 0 | 0.00 | 0.00 |